000 01050nam a22002295i 4500
001 158065
003 ES-MaACL
005 20250809025047.0
008 940202m18661877sp |||| | spa d
040 _aCAM
_bspa
100 1 _aLopez Sanchez, Pedro.
_9129058
245 1 0 _aElementos de derecho internacional público
_b: precedidos de una introduccion a su estudio bajo los dos aspectos de su desarrollo histórico ó positivo y de su teoría /
_cpor Pedro Lopez Sánchez.
260 _aMadrid :
_b[s.n.],
_c1866-1877 (
_fImp. de la Revista de Legislación, á cargo de Julian Morales)
300 _a2 v. ;
_c22 cm.
490 1 _aBiblioteca Jurídica de la Revista de Legislación y Jurisprudencia
650 7 _aDerecho internacional público
_2embne
_911723
710 0 0 _aRevista General de Legislación y Jurisprudencia,
_eed.
_96446
752 _aEspaña -
_dMadrid
830 0 _aBiblioteca Jurídica de la Revista de Legislación y Jurisprudencia
_9188259
852 _aES-MaACL
_jB-5640-5641
_z-- Enc. hol.
999 _c158065
_d158065